Trabajadoras de maquila: ¿nuevo perfil de mujer? /

Guardado en:
Bibliografiske detaljer
Hovedforfatter: Cid, Nelly de
Andre forfattere: Castro, Carla, Rodríguez, Yadira
Format: Texto
Tags: Tilføj Tag
Ingen Tags, Vær først til at tagge denne postø!

MARC

LEADER 00000 a a2200000 04500
001 7104
003
040
100 |a Cid, Nelly de  
245 |a Trabajadoras de maquila:   |b ¿nuevo perfil de mujer? /  |c Nelly de Cid ; Carla Castro ; Yadira Rodríguez 
700 |a Castro, Carla  
700 |a Rodríguez, Yadira  
773 |g volumen 18, número 210; páginas 35-41  
999 |c 34330  |d 34330